| 000 | 01591nam a2200313 a 4500 | ||
|---|---|---|---|
| 001 | |||
| 003 | DO-SdBNP | ||
| 005 | 20240409091116.0 | ||
| 008 | 111125s2012 dr 001 0 spa d | ||
| 020 | _a9789945074499 | ||
| 040 |
_aDO-SdBNP _bspa _cBPMSU |
||
| 082 | 4 |
_a320.97293 _bP739c 2012 _222 |
|
| 100 | 1 |
_aPonce de León, Santiago, _d18-?-1893 |
|
| 245 | 1 | 0 |
_aCuestiones políticas y sociales / _cSantiago Ponce de León ; editor Andrés Blanco Díaz. |
| 260 |
_aSanto Domingo : _bArchivo General de la Nación, _c2012. |
||
| 300 |
_a411 p. ; _b23 cm. |
||
| 490 | 0 |
_aArchivo General de la Nación, _v160 |
|
| 500 | _aIncluye índice | ||
| 505 | 0 |
_tEl Dr Santiago Ponce de León y las cuestiones políticas y sociales / _rAndrés Blanco Díaz -- _tApuntes biográficos sobre la vida del eminente ciudadano Ulises P. Espaillat .. _tEstudio social -- _tCuestión Domínico-española -- _tDefensa del Opúsculo Cuestión Domínico-española -- _tEl 10 de septiembre en Santo Domingo -- _tVindicación -- _tTextos sueltos -- _tApéndice: Un opúsculo de actualidad -- _gÍndice onomástico. |
|
| 590 | _aInventariado, 2022/VM | ||
| 650 | 4 | _aEnsayos venezolanos | |
| 651 | 4 |
_aRepública Dominicana _xPolítica y gobierno _xEnsayos, conferencias, etc. |
|
| 651 | 4 |
_aRepública Dominicana _xCondiciones sociales _xEnsayos, conferencias, etc. |
|
| 651 | 4 |
_aVenezuela _xCondiciones sociales _xEnsayos, conferencias, etc. |
|
| 700 | 1 |
_aBlanco Díaz, Andrés _eed. |
|
| 710 | 2 | _aArchivo General de la Nación (República Dominicana) | |
| 910 | _aVMateo V. Control de calidad. BPMSU | ||
| 942 |
_2ddc _cBK |
||
| 999 |
_c13949 _d13949 |
||